00313pab a2200121 454500008004000000100002300040245006300063260000900126300001500135362001200150650001100162773001800173180718b2017 xxu||||| |||| 00| 0 eng d aOraon, Ram Chandra aRelevance of tribal customary rights: a global perspective c2017 ap.241-252. aJul-Sep aTribes aSocial Action